000 00451nmm a2200169Ia 4500
008 251105s9999||||xx |||||||||||||||||und||
020 _a9788415410737
041 _aspa
100 _aAmarillo, Noelia
245 0 _aEl sacrificio del verdugo
264 _a[Madrid, España] :
_bTerciopelo,
_c2013
300 _a336 páginas
490 _aTerciopelo
650 _aRomance
856 _uhttps://public.digitaliapublishing.com/a/32331
942 _cCF
999 _c76703
_d76703